000 00426nam a22001697a 4500
005 20160520160142.0
008 160520b xxu||||| |||| 00| 0 eng d
020 _a81-85444-03-X
041 _aeng
082 _b3625
100 _aR. Yaday
_9894
245 _aThermodynamics and heat engines (vol-02)
260 _aAllahabad
_bCentral Publishing house
300 _a956
650 _aDIPLOMA ENGINEERING
_9817
942 _cBK
999 _c1230
_d1230